000 00509nam a22001937a 4500
003 MPLRDC
005 20220104184025.0
008 210129b ||||| |||| 00| 0 eng d
020 _a983-3738-76-2
082 _a859.6 XYB v.6
100 _a许友彬
245 _a鹅卵石
_c
250 _a一版一刷
260 _a马来西亚
_b红蜻蜓出版有限公司 ODONATA PUBLISHING SDN BHD
_c2009
300 _b
490 _a许友彬作品. 06
650 _a儿童文学
942 _cBK
_o859.6 XYB v.6
999 _c62669
_d62659